Seminár Veda-viera-spoločnosť v Badíne

Bibliographic Details
Main Author: Durian, Marek (Author)
Format: Article
Language:Slovak
ISSN:0139-8512
Subjects:

MARC

LEADER 00000nab a2200000 a 4500
001 vtls000585336
003 SK-MaSNL
005 20260305015206.0
008 210903c1996 xo 0 slo
015 |a SNBRB19rr/mm-uuuuu 
035 |a CL0585475 
040 |a SNKBUCL  |b slo  |c SNKBUCL  |e AACR2 
041 0 |a slo 
044 |a xo  |c SK 
080 |a 282:061.3  |2 1981 
100 1 |a Durian, Marek  |4 aut  |9 1155966 
245 1 0 |a Seminár Veda-viera-spoločnosť v Badíne  |c Marek Durian 
610 2 7 |a Rímskokatolícka cirkev  |2 SNKKA  |9 32394 
655 7 |a články z novín a časopisov  |2 snkbucl  |9 267496 
773 0 |t Katolícke noviny  |g Roč. 111, č. 19 (1996), s. 2  |x 0139-8512 
850 |a Slovenská národná knižnica v Martine  |a MTA001 
852 |a SNK  |b KIS3GCP 
958 |a RK 
992 |a RBX 
999 |c 3273560  |d 3275490